Fourier Series and Boundary Value problems/ (Record no. 8555)
[ view plain ]
| 000 -LEADER | |
|---|---|
| fixed length control field | 00662nam a22002177a 4500 |
| 003 - CONTROL NUMBER IDENTIFIER | |
| control field | OSt |
| 005 - DATE AND TIME OF LATEST TRANSACTION | |
| control field | 20240617130124.0 |
| 008 - FIXED-LENGTH DATA ELEMENTS--GENERAL INFORMATION | |
| fixed length control field | 240617b |||||||| |||| 00| 0 eng d |
| 020 ## - INTERNATIONAL STANDARD BOOK NUMBER | |
| International Standard Book Number | 0071181512 |
| 040 ## - CATALOGING SOURCE | |
| Transcribing agency | must |
| 082 ## - DEWEY DECIMAL CLASSIFICATION NUMBER | |
| Edition number | 6th ed. |
| Classification number | 515.2433 BRO 2001 |
| 100 ## - MAIN ENTRY--PERSONAL NAME | |
| Personal name | Brown, James ward. |
| Fuller form of name | James Ward Brown |
| 9 (RLIN) | 17361 |
| 245 ## - TITLE STATEMENT | |
| Title | Fourier Series and Boundary Value problems/ |
| Statement of responsibility, etc. | James Ward brown, Ruel V. Churchill |
| 250 ## - EDITION STATEMENT | |
| Edition statement | ._6thed. |
| 260 ## - PUBLICATION, DISTRIBUTION, ETC. (IMPRINT) | |
| Place of publication, distribution, etc. | Boston: |
| Name of publisher, distributor, etc. | Mc Grawhill; |
| Date of publication, distribution, etc. | 2001. |
| 300 ## - PHYSICAL DESCRIPTION | |
| Extent | xvi,344p.: |
| Other physical details | ill.; |
| Dimensions | 23cm. |
| 504 ## - BIBLIOGRAPHY, ETC. NOTE | |
| Bibliography, etc | Includes index |
| 600 ## - SUBJECT ADDED ENTRY--PERSONAL NAME | |
| Source of heading or term | fourier series |
| 700 ## - ADDED ENTRY--PERSONAL NAME | |
| Personal name | Churchill,Ruel V. |
| Fuller form of name | Ruel V. Churchill. |
| 9 (RLIN) | 17362 |
| 942 ## - ADDED ENTRY ELEMENTS (KOHA) | |
| Source of classification or shelving scheme | Dewey Decimal Classification |
| Koha item type | Open Shelf |
| Withdrawn status | Lost status | Source of classification or shelving scheme | Damaged status | Not for loan | Home library | Current library | Date acquired | Source of acquisition | Inventory number | Total Checkouts | Full call number | Barcode | Date last seen | Price effective from | Koha item type |
|---|---|---|---|---|---|---|---|---|---|---|---|---|---|---|---|
| Other/Generic Classification Scheme | MUST Main Library | MUST Main Library | 17/06/2024 | purchase | 04/22908 | 515.2433 BRO 2001 | 2024-20667 | 17/06/2024 | 17/06/2024 | Open Shelf | |||||
| Dewey Decimal Classification | MUST Main Library | MUST Main Library | 19/06/2024 | Purchase | 2004/22907 | 515.2433 BRO 2001 | 2024-20893 | 19/06/2024 | 19/06/2024 | Open Shelf |
